000 00879nam a2200265 a 4500
001 BRCA_6726
005 20190320205552.0
008 191011s1891----enk#######---#000-0#eng-#
041 _aeng
044 _aenk
050 4 _aSK31
_b.B43
_c1891
245 1 0 _aHunting
_cby his grace the Duke of Beaufort, K. G. and Mowbray Morris ; with illustrations by F. Sturgess and F. Charlton
250 _a6
260 _aLondres
_bLongmans, Green and Co.
_c1891
300 _axii, 373 p.
_bil. (algunas a color)
_c20 cm.
440 0 _aBadminton library of sports and pastimes
_916800
500 _aIncluye lista de ilustraciones, apéndice e índice alfábetico
500 _aI101
650 1 4 _aCaza
_916801
710 2 _aMorris, Mowbray
_eCoautor
_916802
710 2 _aSturgess, F.
_eIlustrador
_916803
710 2 _aCharlton, F.
_eIlustrador
_916804
902 _aGFM
942 _2lcc
_cB
999 _c6409
_d6409